|
|
|
|
| LEADER |
00694cam a2200205 7i4500 |
| 001 |
0000074218 |
| 005 |
20230109090000.0 |
| 020 |
|
|
|a 9781003344971 (electronic book)
|
| 090 |
0 |
0 |
|a TP1092
|b .G97 2023
|
| 100 |
1 |
|
|a Gupta, B. R.
|
| 245 |
1 |
0 |
|a Rheology applied in polymer processing
|c B. R. Gupta.
|
| 264 |
|
|
|a Boca Raton:
|b CRC Press,
|c 2023.
|
| 300 |
|
|
|a 1 online resource (vi, 446 pages):
|b text file, PDF.
|
| 336 |
|
|
|a text
|2 rdacontent
|
| 337 |
|
|
|a computer
|2 rdamedia
|
| 338 |
|
|
|a online resource
|2 rdacarrier
|
| 650 |
|
0 |
|a Polymers --
|x Rheology
|
| 655 |
|
0 |
|a Electronic books
|
| 856 |
4 |
2 |
|u http://library.unisel.edu.my/web/guest/mylibrary
|
| 999 |
|
|
|a EBO0017491
|b EBOOK
|c EBOOK
|e Electronic resources
|